[Event "3rd Sharjah Masters 2019"]
[Site "Sharjah"]
[Date "2019.03.25"]
[Round "4.33"]
[White "Tissir, Mohamed"]
[Black "Pranav Vijay"]
[Result "0-1"]
[WhiteElo "2386"]
[BlackElo "2265"]
[Annotator "NA"]
[PlyCount "134"]
[EventDate "2019.03.22"]
[EventType "swiss"]
[EventCountry "UAE"]
[SourceTitle "playchess.com"]
[Source "ChessBase"]
[SourceQuality "1"]
[TimeControl "5400+30"]

1. d4 {[%emt 0:00:00]} Nf6 {[%emt 0:00:00]} 2. Nf3 {[%emt 0:00:41]} e6 {[%emt 0:00:00]} 3. Bf4 {[%emt 0:02:34]} b6 {[%emt 0:00:57]} 4. e3 {[%emt 0:00:17]} Bb7 {[%emt 0:00:26]} 5. h3 {[%emt 0:00:14]} d6 {[%emt 0:03:27]} 6. Nbd2 {[%emt 0:00:17]} Nbd7 {[%emt 0:00:35]} 7. Be2 {[%emt 0:03:14]} g6 {[%emt 0:01:23]} 8. O-O {[%emt 0:00:08]} Bg7 {[%emt 0:00:10]} 9. c3 {[%emt 0:00:07]} O-O {[%emt 0:00:58]} 10. Bh2 {[%emt 0:01:18]} Qe7 {[%emt 0:07:15]} 11. a4 {[%emt 0:01:24]} a6 {[%emt 0:03:06]} 12. Qb3 {[%emt 0:02:30]} e5 {[%emt 0:04:40]} 13. Qa3 {[%emt 0:22:04]} Ne4 {[%emt 0:08:40]} 14. Nxe4 {[%emt 0:16:43]} Bxe4 {[%emt 0:00:17]} 15. dxe5 {[%emt 0:00:03]} Nxe5 {[%emt 0:00:25]} 16. Nxe5 {[%emt 0:00:06]} Bxe5 {[%emt 0:00:09]} 17. Bxe5 {[%emt 0:00:06]} Qxe5 {[%emt 0:00:22]} 18. Rfd1 {[%emt 0:00:19]} a5 {[%emt 0:01:58]} 19. Qb3 {[%emt 0:00:57]} Qg5 {[%emt 0:03:18]} 20. Bf1 {[%emt 0:00:21]} Rae8 {[%emt 0:04:24]} 21. Qc4 {[%emt 0:02:48]} Re7 {[%emt 0:00:35]} 22. Rd4 {[%emt 0:01:30]} d5 {[%emt 0:06:11]} 23. Qc6 {[%emt 0:05:58]} Rd8 {[%emt 0:01:36]} 24. b4 {[%emt 0:10:44]} Qe5 {[%emt 0:24:26]} 25. Rc1 {[%emt 0:07:03]} Re6 {[%emt 0:07:34]} 26. Qb5 {[%emt 0:00:54]} Rb8 {[%emt 0:02:49]} 27. bxa5 {[%emt 0:07:10]} c6 {[%emt 0:00:07]} 28. Qa6 {[%emt 0:00:06]} c5 {[%emt 0:00:10]} 29. Rd2 {[%emt 0:00:05]} c4 {[%emt 0:02:30]} 30. Qb5 {[%emt 0:08:54]} bxa5 {[%emt 0:00:31]} 31. Qxa5 {[%emt 0:00:02]} Rc6 {[%emt 0:04:37]} 32. Qa7 {[%emt 0:00:55]} Rcb6 {[%emt 0:00:38]} 33. a5 {[%emt 0:01:49]} Rb1 {[%emt 0:00:10]} 34. Rdd1 {[%emt 0:00:36]} R1b5 {[%emt 0:02:48]} 35. Qd4 {[%emt 0:02:16]} Qxd4 {[%emt 0:00:05]} 36. Rxd4 {[%emt 0:00:07]} Rxa5 {[%emt 0:00:03]} 37. f3 {[%emt 0:00:08]} Bf5 {[%emt 0:00:03]} 38. e4 {[%emt 0:03:17]} dxe4 {[%emt 0:00:05]} 39. fxe4 {[%emt 0:00:24]} Be6 {[%emt 0:00:04]} 40. Bxc4 {[%emt 0:00:09]} Bxc4 {[%emt 0:00:04]} 41. Rxc4 {[%emt 0:00:07]} Rb2 {[%emt 0:00:14]} 42. e5 {[%emt 0:00:45]} Rxe5 {[%emt 0:00:39]} 43. Rg4 {[%emt 0:00:01]} h5 {[%emt 0:01:00]} 44. Rg3 {[%emt 0:00:28]} Ree2 {[%emt 0:00:04]} 45. Kh1 Kg7 {[%emt 0:01:01]} 46. Rg1 {[%emt 0:02:08]} Rbc2 {[%emt 0:00:27]} 47. Rd3 {[%emt 0:00:27]} f5 {[%emt 0:00:48]} 48. Kh2 {[%emt 0:00:40]} Kh6 {[%emt 0:00:21]} 49. Rf3 {[%emt 0:00:51]} Re4 {[%emt 0:01:24]} 50. Rd1 {[%emt 0:00:38]} Ree2 {[%emt 0:00:05]} 51. Rg1 {[%emt 0:00:01]} Kg5 {[%emt 0:00:42]} 52. Rd3 {[%emt 0:00:00]} f4 {[%emt 0:00:56]} 53. Kh1 {[%emt 0:01:21]} Rf2 {[%emt 0:00:42]} 54. Rd5+ {[%emt 0:00:38]} Kf6 {[%emt 0:02:13]} 55. Rd3 {[%emt 0:00:11]} g5 {[%emt 0:00:17]} 56. Re1 {[%emt 0:00:16]} g4 {[%emt 0:01:00]} 57. h4 {[%emt 0:01:07]} Rce2 {[%emt 0:00:09]} 58. Rxe2 {[%emt 0:00:29]} Rxe2 {[%emt 0:00:34]} 59. Kg1 {[%emt 0:00:30]} g3 {[%emt 0:00:28]} 60. Kf1 {[%emt 0:00:32]} Rf2+ {[%emt 0:00:03]} 61. Kg1 {[%emt 0:00:07]} Kf5 {[%emt 0:00:05]} 62. c4 {[%emt 0:00:50]} Rc2 {[%emt 0:00:15]} 63. Kf1 {[%emt 0:00:29]} Rxc4 {[%emt 0:00:04]} 64. Rd5+ {[%emt 0:00:31]} Kg4 {[%emt 0:00:03]} 65. Rg5+ {[%emt 0:00:16]} Kxh4 {[%emt 0:00:04]} 66. Rg8 {[%emt 0:00:03]} f3 {[%emt 0:00:13]} 67. gxf3 {[%emt 0:00:07]} Kh3 {[%emt 0:00:03]} 0-1

[Event "3rd Sharjah Masters 2019"]
[Site "Sharjah"]
[Date "2019.03.25"]
[Round "4.34"]
[White "Al Hosani, Omran"]
[Black "Zaibi, Amir"]
[Result "0-1"]
[WhiteElo "2238"]
[BlackElo "2386"]
[Annotator "NA"]
[PlyCount "65"]
[EventDate "2019.03.22"]
[EventType "swiss"]
[EventCountry "UAE"]
[SourceTitle "playchess.com"]
[Source "ChessBase"]
[SourceQuality "1"]
[TimeControl "5400+30"]

1. c4 {[%emt 0:00:00]} e5 {[%emt 0:00:00]} 2. Nc3 {[%emt 0:00:00]} Nf6 {[%emt 0:00:00]} 3. g3 {[%emt 0:00:00]} d5 {[%emt 0:00:00]} 4. cxd5 {[%emt 0:00:01]} Nxd5 {[%emt 0:00:02]} 5. Bg2 {[%emt 0:00:08]} Nb6 {[%emt 0:00:06]} 6. e3 {[%emt 0:00:00]} Nc6 {[%emt 0:01:03]} 7. Nge2 {[%emt 0:00:12]} h5 {[%emt 0:13:48]} 8. d4 {[%emt 0:26:42]} h4 {[%emt 0:06:22]} 9. O-O {[%emt 0:38:09]} Bd6 {[%emt 0:08:01]} 10. dxe5 {[%emt 0:00:25]} Nxe5 {[%emt 0:00:41]} 11. Ne4 {[%emt 0:03:11]} hxg3 {[%emt 0:03:57]} 12. fxg3 {[%emt 0:01:25]} Bg4 {[%emt 0:09:21]} 13. a4 {[%emt 0:01:38]} Be7 {[%emt 0:11:38]} 14. Qxd8+ {[%emt 0:03:55]} Rxd8 {[%emt 0:00:18]} 15. Nd4 {[%emt 0:00:02]} Nd5 {[%emt 0:03:44]} 16. Nc3 {[%emt 0:01:57]} Nxc3 {[%emt 0:01:34]} 17. bxc3 {[%emt 0:00:01]} c5 {[%emt 0:06:39]} 18. Nb5 {[%emt 0:00:01]} Be2 {[%emt 0:01:40]} 19. Re1 {[%emt 0:00:42]} Nf3+ {[%emt 0:00:50]} 20. Bxf3 {[%emt 0:00:07]} Bxf3 {[%emt 0:00:05]} 21. e4 {[%emt 0:01:18]} Rd3 {[%emt 0:04:40]} 22. Nc7+ {[%emt 0:00:57]} Kd7 {[%emt 0:00:06]} 23. Nd5 {[%emt 0:00:14]} Bd8 {[%emt 0:02:21]} 24. Ra3 {[%emt 0:07:41]} Re8 {[%emt 0:02:10]} 25. Nf4 {[%emt 0:00:01]} Rd1 {[%emt 0:00:32]} 26. Rxd1+ {[%emt 0:00:10]} Bxd1 {[%emt 0:00:05]} 27. Nd3 {[%emt 0:00:25]} c4 {[%emt 0:01:40]} 28. Nf2 {[%emt 0:00:01]} Bb6 {[%emt 0:02:34]} 29. a5 {[%emt 0:00:01]} Bc5 {[%emt 0:01:05]} 30. Ra2 {[%emt 0:00:01]} Bf3 {[%emt 0:00:36]} 31. Kf1 {[%emt 0:00:16]} Kc6 {[%emt 0:01:01]} 32. Bf4 {[%emt 0:00:16]} Bxe4 {[%emt 0:00:32]} 33. Re2 {[%emt 0:00:17]} 0-1

[Event "3rd Sharjah Masters 2019"]
[Site "Sharjah"]
[Date "2019.03.25"]
[Round "4.35"]
[White "Saurabh Anand"]
[Black "Jeet, Jain"]
[Result "1/2-1/2"]
[WhiteElo "2385"]
[BlackElo "2219"]
[Annotator "TA"]
[PlyCount "62"]
[EventDate "2019.03.22"]
[EventType "swiss"]
[EventCountry "UAE"]
[SourceTitle "playchess.com"]
[Source "ChessBase"]
[SourceQuality "1"]

{[%evp 19,62,0,33,23,22,22,44,42,42,46,41,0,0,0,0,0,0,0,0,0,0,0,0,-18,-32,-36,-22,-28,22,0,79,0,0,0,0,0,0,0,26,29,35,7,4,10,0]} 1. e4 e5 2. Nf3 Nc6 3. d4 exd4 4. Nxd4 Nf6 5. Nxc6 bxc6 6. e5 Qe7 7. Qe2 Nd5 8. c4 Nb6 9. Nc3 Ba6 10. Qe4 Qe6 {[%cal Ra6c4]} 11. b3 {C45: Scotch Game} Bb4 12. Bd2 Bxc3 13. Bxc3 {White is slightly better.} d5 14. Qh4 dxc4 15. Rc1 Qg6 16. g3 O-O 17. Be2 c5 18. O-O Bb7 19. bxc4 {[#]} Rfe8 $146 20. Rfe1 Nd7 (20... Qc6 $5 21. f3 $8 Qe6 $11) 21. Bh5 Qc6 {[%csl Gb7][%cal Rc6h1] [#]} 22. f3 Nf8 23. Qf4 Ng6 24. Qe3 f6 (24... Rad8 $11 {keeps the balance.}) 25. e6 ({Better is} 25. Rb1 $16) 25... Re7 $11 26. Rc2 Rae8 {[%cal Re7e6]} 27. Rce2 Bc8 {[%cal Re7e6]} 28. Qd3 Rxe6 29. Rxe6 Bxe6 30. Bxg6 (30. Bxf6 $5 Qd6 31. Qxd6 (31. Bxg6 Qxd3 32. Bxd3 gxf6 $14) 31... cxd6 32. Bg5 $14) 30... hxg6 31. Bxf6 Bf7 {Accuracy: White = 63%, Black = 74%.} 1/2-1/2

[Event "3rd Sharjah Masters 2019"]
[Site "Sharjah"]
[Date "2019.03.25"]
[Round "4.36"]
[White "Shanya, Mishra"]
[Black "Dhulipalla Bala Chandra Prasa"]
[Result "0-1"]
[WhiteElo "2026"]
[BlackElo "2384"]
[Annotator "NA"]
[PlyCount "66"]
[EventDate "2019.03.22"]
[EventType "swiss"]
[EventCountry "UAE"]
[SourceTitle "playchess.com"]
[Source "ChessBase"]
[SourceQuality "1"]
[TimeControl "5400+30"]

1. d4 {[%emt 0:00:00]} Nc6 {[%emt 0:00:00]} 2. c4 {[%emt 0:00:19]} e5 {[%emt 0:00:00]} 3. d5 {[%emt 0:01:26]} Nce7 {[%emt 0:00:03]} 4. Nf3 {[%emt 0:01:24]} Ng6 {[%emt 0:00:08]} 5. g3 {[%emt 0:00:14]} Bc5 {[%emt 0:00:55]} 6. Bg2 {[%emt 0:00:15]} d6 {[%emt 0:00:30]} 7. O-O {[%emt 0:02:56]} Nf6 {[%emt 0:01:20]} 8. b4 {[%emt 0:03:08]} Bb6 {[%emt 0:00:36]} 9. Bb2 {[%emt 0:03:08]} Qe7 {[%emt 0:08:02]} 10. Nc3 {[%emt 0:10:11]} a6 {[%emt 0:01:19]} 11. e4 {[%emt 0:02:59]} O-O {[%emt 0:06:10]} 12. Rc1 {[%emt 0:05:30]} Ba7 {[%emt 0:12:11]} 13. Qe2 {[%emt 0:07:10]} h6 {[%emt 0:08:21]} 14. Nd1 {[%emt 0:08:49]} Bd7 {[%emt 0:03:29]} 15. Qc2 {[%emt 0:05:25]} c6 {[%emt 0:06:33]} 16. Re1 {[%emt 0:07:11]} Rac8 {[%emt 0:02:27]} 17. Qd2 {[%emt 0:07:21]} c5 {[%emt 0:09:22]} 18. b5 {[%emt 0:05:42]} axb5 {[%emt 0:05:38]} 19. cxb5 {[%emt 0:00:08]} Bxb5 {[%emt 0:05:55]} 20. Qa5 {[%emt 0:02:46]} Qd7 {[%emt 0:04:51]} 21. Nc3 {[%emt 0:04:29]} Ba6 {[%emt 0:01:15]} 22. Nd2 {[%emt 0:02:27]} c4 {[%emt 0:01:47]} 23. Bf1 {[%emt 0:01:39]} Ng4 {[%emt 0:05:38]} 24. Nd1 {[%emt 0:01:05]} f5 {[%emt 0:02:04]} 25. h3 {[%emt 0:04:17]} Nf6 {[%emt 0:00:06]} 26. exf5 {[%emt 0:00:38]} Qxf5 {[%emt 0:00:01]} 27. Nxc4 {[%emt 0:00:28]} Ne4 {[%emt 0:03:04]} 28. Rxe4 {[%emt 0:02:51]} Qxe4 29. Nxd6 Rxc1 {[%emt 0:03:43]} 30. Bxc1 {[%emt 0:05:06]} Qf3 {[%emt 0:00:37]} 31. Qd2 {[%emt 0:02:04]} Qxg3+ {[%emt 0:00:06]} 32. Kh1 {[%emt 0:00:20]} Bxf2 {[%emt 0:00:22]} 33. Bg2 {[%emt 0:00:39]} Bf1 {[%emt 0:00:28]} 0-1

[Event "3rd Sharjah Masters 2019"]
[Site "Sharjah"]
[Date "2019.03.25"]
[Round "4.37"]
[White "Sukandar, Irine Kharisma"]
[Black "Sri, Sai Baswanth P"]
[Result "1/2-1/2"]
[WhiteElo "2381"]
[BlackElo "2018"]
[Annotator "TA"]
[PlyCount "65"]
[EventDate "2019.03.22"]
[EventType "swiss"]
[EventCountry "UAE"]
[SourceTitle "playchess.com"]
[Source "ChessBase"]
[SourceQuality "1"]

{[%evp 14,65,0,0,14,0,0,0,0,0,12,0,0,-25,-25,-17,-27,-20,-22,-20,-27,-24,-14,-14,-14,-15,-13,-70,-63,-72,-68,-68,-46,-71,-64,-104,-85,-123,-75,-67,-16,-16,-8,-8,-8,-8,-11,-8,-7,-8,-7,-8,-8,-5]} 1. e4 g6 2. d4 Bg7 3. Nf3 d6 4. Bc4 Nf6 5. Qe2 O-O 6. O-O Bg4 7. Nbd2 {[%cal Bb1d2,Bd2f3,Bf3d4,Bd4e6][%mdl 32]} Nc6 8. c3 e5 {B06: Modern Defence} 9. h3 (9. d5 Ne7 10. h3 Bd7 11. Re1 Nh5 12. Nf1 h6 13. Bb5 Bc8 14. c4 Nf4 15. Bxf4 exf4 16. e5 dxe5 17. Nxe5 {0-1 (61) Sandipan,C (2594)-Aronian,L (2815) Dubai 2014}) 9... Bxf3 10. Nxf3 exd4 11. cxd4 d5 12. exd5 Nxd5 13. Bg5 Nxd4 14. Nxd4 Qxg5 15. Ne6 $1 {[%cal Re6g5]} fxe6 16. Qxe6+ Kh8 17. Qxd5 Qxd5 18. Bxd5 $146 c6 $36 {[%mdl 2048] Black is more active.} 19. Bf3 $1 Rad8 20. Rfe1 (20. Rae1 $11) 20... Bxb2 $15 21. Rab1 Rd2 22. Re7 Rb8 23. a4 c5 24. Rc7 Bd4 25. Bxb7 Rxf2 26. Kh1 Ra2 (26... Re2 $15) 27. Re1 $1 $11 {The position is equal.} Bf6 28. Bc8 {[%cal Re1e8] [#]} Ra1 29. Rxa1 Bxa1 30. Rxc5 Rb1+ 31. Kh2 Bd4 32. Rb5 Ra1 33. a5 {Accuracy: White = 56%, Black = 73%.} 1/2-1/2

[Event "3rd Sharjah Masters 2019"]
[Site "Sharjah"]
[Date "2019.03.25"]
[Round "4.38"]
[White "Jinan, Jomon"]
[Black "Assaubayeva, Bibisara"]
[Result "1/2-1/2"]
[WhiteElo "1848"]
[BlackElo "2376"]
[Annotator "NA"]
[PlyCount "66"]
[EventDate "2019.03.22"]
[EventType "swiss"]
[EventCountry "UAE"]
[SourceTitle "playchess.com"]
[Source "ChessBase"]
[SourceQuality "1"]
[TimeControl "5400+30"]

1. e4 {[%emt 0:00:00]} g6 {[%emt 0:00:10]} 2. d4 {[%emt 0:00:00]} Bg7 {[%emt 0:00:24]} 3. Nf3 {[%emt 0:00:04]} d6 {[%emt 0:00:19]} 4. Bd3 {[%emt 0:00:14]} Nd7 {[%emt 0:07:14]} 5. O-O {[%emt 0:00:13]} e5 {[%emt 0:02:34]} 6. c3 {[%emt 0:00:10]} Ne7 {[%emt 0:02:31]} 7. dxe5 {[%emt 0:08:01]} dxe5 {[%emt 0:05:43]} 8. Be3 {[%emt 0:03:11]} O-O {[%emt 0:03:49]} 9. a4 {[%emt 0:11:18]} a5 {[%emt 0:05:22]} 10. Qb3 {[%emt 0:11:26]} Nf6 {[%emt 0:09:03]} 11. Rd1 {[%emt 0:18:34]} Bg4 {[%emt 0:05:18]} 12. Bc4 {[%emt 0:06:58]} Qe8 {[%emt 0:03:37]} 13. Nbd2 {[%emt 0:01:11]} b6 {[%emt 0:06:15]} 14. Bb5 {[%emt 0:08:56]} Qb8 {[%emt 0:05:04]} 15. Qa3 {[%emt 0:02:03]} c5 {[%emt 0:01:25]} 16. Be2 {[%emt 0:02:29]} Ra7 {[%emt 0:04:20]} 17. h3 {[%emt 0:00:39]} Bd7 {[%emt 0:01:00]} 18. Bb5 {[%emt 0:05:14]} Bxb5 {[%emt 0:04:04]} 19. axb5 {[%emt 0:00:03]} Nc8 {[%emt 0:00:12]} 20. Qa4 {[%emt 0:02:14]} Ne8 {[%emt 0:03:30]} 21. Nc4 {[%emt 0:01:30]} f5 {[%emt 0:02:09]} 22. Qc2 {[%emt 0:07:22]} f4 {[%emt 0:06:56]} 23. Bd2 {[%emt 0:00:06]} Bf6 {[%emt 0:01:19]} 24. Be1 {[%emt 0:00:29]} g5 {[%emt 0:01:55]} 25. Qd3 {[%emt 0:01:12]} Kh8 {[%emt 0:00:30]} 26. Qd5 {[%emt 0:01:34]} Re7 {[%emt 0:00:51]} 27. b4 {[%emt 0:02:11]} Nc7 {[%emt 0:03:09]} 28. Qc6 {[%emt 0:00:20]} axb4 {[%emt 0:01:40]} 29. cxb4 {[%emt 0:00:04]} Re6 {[%emt 0:02:30]} 30. Qd7 {[%emt 0:00:06]} Re7 {[%emt 0:00:41]} 31. Qc6 {[%emt 0:00:35]} Re6 {[%emt 0:00:09]} 32. Qd7 {[%emt 0:00:43]} Re7 {[%emt 0:00:23]} 33. Qc6 {[%emt 0:01:17]} Re6 {[%emt 0:02:01]} 1/2-1/2

[Event "3rd Sharjah Masters 2019"]
[Site "Sharjah"]
[Date "2019.03.25"]
[Round "4.39"]
[White "Darini, Pouria"]
[Black "Krithigga, K."]
[Result "1-0"]
[WhiteElo "2474"]
[BlackElo "2002"]
[Annotator "TA"]
[PlyCount "77"]
[EventDate "2019.03.22"]
[EventType "swiss"]
[EventCountry "UAE"]
[SourceTitle "playchess.com"]
[Source "ChessBase"]
[SourceQuality "1"]

{[%evp 24,77,39,27,125,115,147,143,135,149,139,147,179,182,172,165,194,179,167,184,228,227,226,226,235,233,261,250,355,263,512,383,964,965,856,817,29985,29985,29990,29991,29991,29981,29990,29991,29991,29991,29991,29991,29991,29992,29992,29972,29966,6207,6411,6317]} 1. Nf3 d5 2. g3 Nf6 3. Bg2 c5 4. O-O Nc6 5. d4 e6 6. c4 dxc4 7. Na3 Be7 8. Nxc4 O-O 9. dxc5 Bxc5 10. Nfe5 {E05: Open Catalan: 5 Nf3 Be7} Nxe5 11. Nxe5 Qe7 12. Qc2 Bd6 13. Nc4 {LiveBook: 4 Games} Bc7 {[#]} (13... Bc5 $11) 14. b3 $1 $16 {And now Ba3 would win.} Rd8 15. Ba3 Qe8 16. Rfd1 Nd5 17. e4 {[#]} Nb6 $146 ({Predecessor:} 17... Ne7 18. Bd6 Bxd6 19. Nxd6 Qf8 {1-0 (32) Tukmakov,V (2557)-Ekstroem,R (2501) Zuerich 1999}) 18. Bd6 Bxd6 19. Nxd6 ({Resist} 19. Rxd6 $6 Nxc4 20. Rxd8 Qxd8 $14) 19... Qe7 20. e5 Nd5 21. Rac1 Bd7 22. Nxb7 Rdc8 23. Qd2 Rxc1 24. Rxc1 Qa3 25. Nd6 Rb8 (25... Rf8 {keeps fighting.} 26. Rc2 Qa6 27. Bxd5 exd5 28. Qxd5 Bh3) 26. h4 {[%cal Bh2h4,Bh4h5][%mdl 32]} g6 $2 {[#]} (26... Rf8 {is a better defense.} 27. Rc2 (27. Bxd5 exd5 28. f4 a5 $18) 27... Qa6 28. Bxd5 exd5 29. Qxd5 Bh3) 27. h5 a5 $2 (27... Qb4 28. Qh6 Qg4 29. Bxd5 exd5 30. Nxf7 Rc8) 28. Bxd5 $18 exd5 29. Qf4 Be6 30. h6 f6 31. Rc7 Rf8 32. Re7 g5 33. Qd2 Bf7 34. Rxf7 Rxf7 35. Qxd5 Qc1+ 36. Kg2 Qc7 37. exf6 Qd7 38. Qxg5+ (38. f3 $142 Qc7 39. Nxf7 Qxf7 40. Qxg5+ Kf8 41. Qg7+ Qxg7 42. hxg7+ Kg8 43. Kh3) 38... Kf8 39. Nxf7 {Precision: White = 72%, Black = 27%.} 1-0

[Event "3rd Sharjah Masters 2019"]
[Site "Sharjah"]
[Date "2019.03.25"]
[Round "4.40"]
[White "Matlakov, Maxim"]
[Black "Sidhant, Mohapatra"]
[Result "1-0"]
[WhiteElo "2692"]
[BlackElo "2348"]
[Annotator "TA"]
[PlyCount "61"]
[EventDate "2019.03.22"]
[EventType "swiss"]
[EventCountry "UAE"]
[SourceTitle "playchess.com"]
[Source "ChessBase"]
[SourceQuality "1"]

{[%evp 20,61,65,50,56,50,48,37,47,48,43,47,40,49,72,59,95,66,90,91,83,82,114,112,124,109,137,148,146,113,152,154,201,204,292,292,405,310,380,278,472,475,480,458]} 1. c4 c6 2. Nf3 d5 3. g3 Nf6 4. Bg2 Bf5 5. O-O e6 6. Qb3 Qb6 7. d3 {A11: English Opening: 1...c6} Nbd7 8. cxd5 exd5 (8... Qxb3 9. axb3 exd5 10. Bd2 Bg4 11. Bc3 Bxf3 12. Bxf3 Bd6 13. b4 O-O 14. Nd2 a6 {1-0 (122) Grischuk,A (2766)-Aronian,L (2767) Saint Louis 2018}) 9. Qc2 h6 10. Nc3 Be7 11. e4 {LiveBook: 18 Games} dxe4 12. dxe4 Bh7 13. Qe2 Nc5 {[%cal Rf6e4]} 14. Be3 Qa6 {[#]} 15. Qxa6 $146 ({Predecessor:} 15. Bxc5 Qxe2 16. Nxe2 Bxc5 {1-0 (63) Grigoryan,K (2572)-Sargsyan,S (2027) Yerevan 2014}) 15... Nxa6 16. Ne5 {[%cal Bf3e5,Be5c4,Bc4d6][%mdl 32]} O-O 17. f3 Rfe8 18. Nc4 b6 19. Rfd1 Rad8 20. Bf1 {[%cal Bg2f1,Bf1c4,Bc4b3][%mdl 32]} Bc5 21. Bf2 Bxf2+ 22. Kxf2 Nc7 23. Nd6 Rf8 24. Bc4 Bg6 25. e5 b5 {[#]} 26. Bb3 $1 ({Don't do} 26. exf6 bxc4 27. fxg7 (27. Nxc4 gxf6 28. Na5 c5 $16) 27... Kxg7 $16) 26... b4 (26... Nh7 $142 27. f4 a5) 27. Ne2 $18 ({Less strong is} 27. exf6 bxc3 28. bxc3 gxf6 $16) 27... Nfe8 {If only Black now had time for ...Nxd6....} 28. Nf4 Kh7 29. Rac1 Nd5 $2 {[#]} (29... Nxd6 {was necessary.} 30. exd6 (30. Rxd6 Rxd6 31. exd6 Nb5 $18) 30... Ne8 31. Rxc6 Bf5) 30. Nxg6 fxg6 31. Rxc6 {Precision: White = 89%, Black = 47%.} 1-0

[Event "3rd Sharjah Masters 2019"]
[Site "Sharjah"]
[Date "2019.03.25"]
[Round "4.41"]
[White "Mareco, Sandro"]
[Black "Sharma, Dinesh K."]
[Result "1-0"]
[WhiteElo "2666"]
[BlackElo "2286"]
[Annotator "TA"]
[PlyCount "127"]
[EventDate "2019.03.22"]
[EventType "swiss"]
[EventCountry "UAE"]
[SourceTitle "playchess.com"]
[Source "ChessBase"]
[SourceQuality "1"]

{[%evp 11,127,20,18,9,15,-46,35,17,37,14,27,14,8,13,26,25,18,-16,0,8,35,32,18,36,20,34,41,36,57,41,68,62,62,67,75,67,66,44,57,39,39,34,78,45,56,54,40,22,37,37,37,34,36,28,75,73,81,79,124,122,121,123,119,108,122,122,115,119,123,79,86,71,70,0,91,99,91,57,188,174,168,167,225,215,189,194,195,184,194,195,200,186,201,194,269,194,451,451,753,747,720,591,746,622,1889,1742,29958,29958,29950,12245,29965,29966,29966,29964,29962,29964,11993,5114]} 1. c4 e5 2. g3 c6 3. Nf3 e4 4. Nd4 Nf6 5. Bg2 d5 6. cxd5 Qxd5 7. e3 {A20: English Opening: 1...e5} (7. Nb3 Qe5 8. Nc3 Be7 9. d4 exd3 10. Qxd3 O-O 11. O-O Rd8 12. Qe3 Qxe3 13. Bxe3 Ng4 14. Bc5 Kf8 15. Rfd1 {0-1 (55) Popov,V (2532)-Anand,V (2773) St Petersburg 2018}) 7... Bc5 8. Nb3 $146 ({White should play} 8. d3 $11) ({Predecessor:} 8. d3 Bxd4 9. exd4 Qxd4 10. dxe4 Qxd1+ 11. Kxd1 O-O 12. f3 c5 13. Be3 b6 14. Nc3 Nc6 {½-½ (52) Dubov,D (2660)-Bologan,V (2640) Poikovsky 2017}) 8... Bd6 (8... Bg4 $15 9. Nc3 Qh5) 9. Nc3 {White is slightly better.} Qe5 10. O-O O-O 11. d3 {[%cal Rd3e4]} Bg4 12. Qd2 {[%cal Rd3e4]} exd3 13. Qxd3 Na6 14. Nd4 Nb4 15. Qc4 a5 {Threatens to win with ...b5.} 16. a3 Nbd5 17. Nxd5 cxd5 18. Qd3 Bc5 19. Bd2 Bxd4 20. exd4 Qe2 21. Qxe2 Bxe2 22. Rfe1 Bc4 23. Re7 b6 24. Bg5 Rfe8 25. Bxf6 gxf6 26. Rae1 Kf8 27. R7e3 (27. Rxe8+ {is more complex.} Rxe8 28. Rxe8+ Kxe8 29. Bf3 Kd7 30. Bh5) 27... Rxe3 28. fxe3 $14 {[%mdl 4096] Endgame KRB-KRB} b5 29. e4 Rd8 30. exd5 Bxd5 31. Bxd5 Rxd5 {KR-KR} 32. Re4 Rd6 33. Kf2 Rc6 34. Re2 Rc4 35. Ke3 Ke7 36. Kd3+ Kd6 37. Re8 $1 Rc1 38. Rd8+ Ke6 39. Rb8 Rd1+ 40. Ke3 Re1+ 41. Kf3 {aiming for Re8+.} Rf1+ 42. Ke3 Re1+ 43. Kd2 Rh1 44. h4 Kd5 ({Better is} 44... b4 $14) 45. Rxb5+ $18 Kxd4 46. Rxa5 Rh2+ (46... Rg1 {might work better.} 47. Rh5 Rxg3) 47. Kc1 $1 Rg2 48. Rf5 Rxg3 49. Rxf6 Rg7 50. a4 {[%cal Ba3a4,Ba4a5,Ba5a6,Ba6a7][%mdl 32]} Ke5 51. Rb6 f5 {[#]} 52. a5 $1 f4 (52... Rg1+ {keeps fighting.} 53. Kd2 Ra1) 53. a6 f3 $2 {[#]} (53... Rg1+ {was worth a try.} 54. Kd2 Ra1) 54. Kd2 $1 Kf4 (54... Kd4 $142 55. Rb4+ Kd5) 55. Rb7 Rg2+ 56. Kd3 {a7 is the strong threat.} Rg6 57. a7 {Strongly threatening Rf7+.} Rd6+ 58. Kc4 Ra6 59. Kb5 Ra2 60. b4 {[%cal Bb2b4,Bb4b5][%mdl 32]} f2 61. Rf7+ Kg3 62. Kb6 Ra1 63. b5 Ra3 {[#]} 64. Rxf2 $3 {[%mdl 576] Promotion. Accuracy: White = 71%, Black = 29%.} 1-0